000 00276nam a2200121Ia 4500
008 190216s9999||||xx |||||||||||||| ||und||
100 _aFrancis Saviar
245 0 _aEngum Chagum
260 _bPoorna Pubs Kozhikode
_c1984
300 _a116
650 _aLekhanam
942 _cBK
999 _c28265
_d28265